Normal view
MARC view
- ANSYS (Computer system)
Entry Topical Term
001 - CONTROL NUMBER
- control field: 20058
003 - CONTROL NUMBER IDENTIFIER
- control field: NUST
005 - DATE AND TIME OF LATEST TRANSACTION
- control field: 20190906060117.0
008 - FIXED-LENGTH DATA ELEMENTS
- fixed length control field: 190906|| aca||aabn | a|a d
040 ## - CATALOGING SOURCE
- Original cataloging agency: NUST
- Transcribing agency: NUST
150 ## - HEADING--TOPICAL TERM
- Topical term or geographic name entry element: ANSYS (Computer system)
670 ## - SOURCE DATA FOUND
- Source citation: Work cat.: (NUST)0: Huei-Huang Lee 20056, Finite element simulations with ANSYS workbench, c2018.
